Daně v podnikání
Saved in:
| Main Author | |
|---|---|
| Other Authors | |
| Format | Electronic eBook |
| Language | Czech |
| Published |
Wolters Kluwer
2022
|
| Edition | 1. elektronické vydání |
| Subjects | |
| Online Access | Dostupné v BOOKPORT po přihlášení pomocí eduID |
| ISBN | 978-80-7676-959-6 978-80-7676-359-3 |
| Physical Description | 1 online zdroj (368 stran) |
| LEADER | 00000nam a2200000 i 4500 | ||
|---|---|---|---|
| 001 | bkp789795273 | ||
| 003 | CZ-prgp | ||
| 005 | 20260413115552.0 | ||
| 006 | m o d | ||
| 007 | cr cn | ||
| 008 | 260413s2022 xr o 000 0 cze | ||
| 020 | |a 978-80-7676-959-6 |c 672 Kč |q (online ; epub) | ||
| 020 | |a 978-80-7676-359-3 |c 929 Kč |q (print) | ||
| 040 | |a Grada |b cze |e rda | ||
| 100 | 1 | |a Alena, Vančurová | |
| 245 | 1 | 0 | |a Daně v podnikání |c Vančurová Alena, Zídková Hana |
| 250 | |a 1. elektronické vydání | ||
| 264 | 1 | |b Wolters Kluwer |c 2022 | |
| 300 | |a 1 online zdroj (368 stran) | ||
| 336 | |a text |b txt |2 rdacontent | ||
| 337 | |a počítač |b c |2 rdamedia | ||
| 338 | |a online zdroj |b cr |2 rdacarrier | ||
| 520 | 3 | |a Publikace vychází již podruhé, v aktualizovaném znění, poprvé pod hlavičkou společnosti Wolters Kluwer ČR, a. s. Poskytuje základní přehled o daňových povinnostech malého podnikatelského subjektu, a to od začátku podnikání přes postupně vyvstávající problémy až po nastínění možných forem ukončení podnikání. Je zarámována střípky z podnikatelských zkušeností a postupně přicházejících problémů dvou začínajících podnikatelů, z nichž jeden podniká jako fyzická osoba a druhý jako jediný společník společnosti s ručením omezeným. Ti dva postupně zjišťují, že chtějí střechu nad hlavou svého podnikání, že to bez možnosti pohybu, a tedy aut nejde, že už na své podnikání sami nestačí a potřebují zaměstnance, že jejich podnikání nemůže být omezeno jen Českou republikou atd. Publikace podává základní přehled o daňových úskalích nejen u obou daní z příjmů, ale také u daně z přidané hodnoty. Čtenář se seznámí i se sociálním pojistným, silniční daní a daní z nemovitých věcí. Autorky publikace působí mnoho let na katedře veřejných financí Vysoké školy ekonomické v Praze. | |
| 650 | 0 | 4 | |a Daně |
| 700 | 1 | |a Zídková Hana | |
| 856 | 4 | 0 | |u https://www.bookport.cz/AccountSaml/SignIn/?idp=https://shibboleth.utb.cz/idp/shibboleth&returnUrl=/kniha/dane-v-podnikani-15950/ |y Dostupné v BOOKPORT po přihlášení pomocí eduID |